Statistics for Every country in Asia By GDP 2100

Click here to take the quiz!

General Stats

  • This quiz has been taken 12 times
  • The average score is 42 of 50

Answer Stats

Answer% Correct
China
100%
India
100%
Japan
100%
Bangladesh
92%
Indonesia
92%
Malaysia
92%
North Korea
92%
Pakistan
92%
Philippines
92%
Saudi Arabia
92%
South Korea
92%
Syria
92%
Turkey
92%
Uzbekistan
92%
Vietnam
92%
Afghanistan
83%
Bahrain
83%
Cambodia
83%
Cyprus
83%
Hong Kong
83%
Iran
83%
Iraq
83%
Israel
83%
Kazakhstan
83%
Mongolia
83%
Myanmar
83%
Nepal
83%
Oman
83%
Singapore
83%
Taiwan
83%
Tajikistan
83%
Thailand
83%
Turkmenistan
83%
Yemen
83%
Armenia
75%
Azerbaijan
75%
Bhutan
75%
Brunei
75%
Easttimor
75%
Georgia
75%
Jordan
75%
Kuwait
75%
Kyrgyzstan
75%
Laos
75%
Lebanon
75%
Maldives
75%
Qatar
75%
Sri Lanka
75%
Palestine
67%
Macao
50%

Score Distribution

Percentile by Number Answered

Percent of People with Each Score

Your Score History

You have not taken this quiz